Largest modern cities in the Roman Empire - Statistics

General Stats
  • This quiz has been taken 31 times
  • The average score is 15 of 20
Answer Stats
Population City % Correct
15.9 M Istanbul
100%
11.5 M Paris
100%
3.4 M Rome
100%
22.5 M Cairo
97%
14.9 M London
97%
3.6 M Athens
93%
6.2 M Alexandria
90%
6.6 M Madrid
90%
4 M Naples
87%
5.1 M Ankara
83%
4.9 M Barcelona
83%
6.1 M Milan
83%
4.2 M Algiers
80%
7.6 M Baghdad
73%
3.9 M Damascus
73%
4.8 M Casablanca
63%
6 M Amman
53%
5 M Cologne
30%
3.4 M Rotterdam
10%
5.6 M Ruhr
7%
No matching quizzes found
Score Distribution
Percent of People with Each Score
Percentile by Number Answered
Your Score History
You have not taken this quiz